Kdo by o tvou lásku stál
| Main Author: | Ginzl, Josef, 1919-2000 |
|---|---|
| Other Authors: | Krpejšová, Hilda, 1934-1999, Tichý, František Alois, 1898-1971, Korda, Jenda, 1904-1986, Mellan, Josef |
| Language: | Czech |
| Published: |
Praha : Supraphon, 1989 |
| Edition: | 1. vyd. |
| Series: |
Malý zábavní soubor
|
| Physical Description: |
5 hlasů |
| LEADER | 01148ncm a22003012a 4500 | ||
|---|---|---|---|
| 001 | 001107776 | ||
| 003 | CZ BrMZK | ||
| 005 | 20110518091421.0 | ||
| 007 | qu | ||
| 008 | 100728s1989 xr |||||||||||||||||cze d | ||
| 040 | |a BOA001 |b cze | ||
| 072 | 7 | |a 784 |x Vokální hudba |2 Konspekt |9 9 | |
| 100 | 1 | |a Ginzl, Josef, |d 1919-2000 |7 mzk2002112145 |4 cmp | |
| 245 | 1 | 0 | |a Kdo by o tvou lásku stál |h [hudebnina] / |c Josef Ginzl ; slova Hilda Krpejšová. Zmáčkni to, kapelo! : polka / F.A. Tichý ; slova Jenda Korda ; upravil Josef Mellan |
| 250 | |a 1. vyd. | ||
| 260 | |a Praha : |b Supraphon, |c 1989 | ||
| 300 | |a 5 hlasů | ||
| 490 | 1 | |a Malý zábavní soubor ; |v 5 hlasů | |
| 700 | 1 | |a Krpejšová, Hilda, |d 1934-1999 |7 mzk2005286482 |4 lyr | |
| 700 | 1 | |a Tichý, František Alois, |d 1898-1971 |7 jk01132411 |4 cmp | |
| 700 | 1 | |a Korda, Jenda, |d 1904-1986 |7 jx20090701002 |4 lyr | |
| 700 | 1 | |a Mellan, Josef |7 ola2008474782 |4 arr | |
| 740 | 0 | 2 | |a Zmáčkni to, kapelo! |
| 830 | 0 | |a Malý zábavní soubor | |
| 910 | |a BOA001 |b Mus3-0964.036 | ||
| 990 | |a MU | ||
| 991 | |b 201007 | ||
| 996 | 6 | |b 2619457181 |c Mus3-0964.036 |l MZK |r Sklad / do 1 hodiny |n 0 |w 001135113 |u 000010 |a 1 |e BOA001 |j MZK50 |s P | |
English
Čeština 